[Event "26th EUR-ch"]
[Site "Katowice POL"]
[Date "2026.04.15"]
[Round "8.71"]
[White "Bazakutsa, Svyatoslav"]
[Black "Dyachuk, Artem"]
[Result "1-0"]
[WhiteElo "2477"]
[BlackElo "2323"]
[EventDate "2026.04.07"]
[PlyCount "69"]

1.c4 e6 2.g3 d5 3.Bg2 Nf6 4.Nf3 Be7 5.O-O O-O 6.b3 d4 7.e3 c5 8.Bb2 Nc6 9.
exd4 cxd4 10.Re1 Rb8 11.d3 Re8 12.Nbd2 b6 13.Ne5 Nxe5 14.Rxe5 Bb7 15.Bxb7 
Rxb7 16.a3 Bd6 17.Re1 e5 18.b4 Rbe7 19.Rc1 Qd7 20.Qf3 h6 21.Kg2 Bc7 22.Re2
Nh7 23.h4 f5 24.c5 Nf6 25.c6 Qc8 26.Rce1 Rf7 27.b5 g6 28.Nc4 e4 29.dxe4 
fxe4 30.Qb3 Nd5 31.Nd6 Bxd6 32.Qxd5 Bc5 33.Rxe4 Rxe4 34.Rxe4 d3 35.Rf4 1-0

[Event "26th EUR-ch"]
[Site "Katowice POL"]
[Date "2026.04.15"]
[Round "8.72"]
[White "Zlatkov, Anton"]
[Black "Tarhan, Adar"]
[Result "1-0"]
[WhiteElo "2299"]
[BlackElo "2477"]
[EventDate "2026.04.07"]
[PlyCount "119"]

1.e4 e5 2.Nf3 Nc6 3.Bc4 Bc5 4.d3 Nf6 5.Bg5 h6 6.Bh4 d6 7.c3 a6 8.Nbd2 Ba7 
9.O-O Qe7 10.a4 g5 11.Bg3 Nd7 12.b4 Nf8 13.b5 Na5 14.Bd5 c6 15.Ba2 Ng6 16.
h3 h5 17.Kh1 f5 18.exf5 Bxf5 19.d4 g4 20.Ng1 gxh3 21.gxh3 O-O-O 22.bxa6 
Qd7 23.axb7+ Kb8 24.Re1 exd4 25.Ne4 Bxe4+ 26.Rxe4 h4 27.Bh2 Rhf8 28.cxd4 
Rxf2 29.Qh5 Qf5 30.Qxf5 Rxf5 31.Rae1 Kxb7 32.Rg4 Rf6 33.Bb1 Nf8 34.Rxh4 
Ne6 35.Ne2 Re8 36.Nf4 d5 37.Rh7+ Ka6 38.Bg6 Nxf4 39.Bxe8 Nd3 40.Be5 Rf8 
41.Bg7 Rf3 42.Rb1 Bb6 43.Bd7 Rf7 44.Be6 Rc7 45.Bf5 Nf4 46.Bf6 Rxh7 47.Bxh7
Nxh3 48.Rf1 Nc4 49.Bd3 Bc7 50.Rf3 Nf4 51.Bxc4+ dxc4 52.Be5 Bxe5 53.dxe5 
Nd5 54.e6 Ka5 55.Ra3 Kb4 56.Ra1 Kc5 57.a5 Kd6 58.Re1 c3 59.a6 c2 60.a7 1-0

[Event "26th EUR-ch"]
[Site "Katowice POL"]
[Date "2026.04.15"]
[Round "8.73"]
[White "Olsen, Filip Boe"]
[Black "Zakin, Ilay"]
[Result "1-0"]
[WhiteElo "2474"]
[BlackElo "2330"]
[EventDate "2026.04.07"]
[PlyCount "67"]

1.e4 c5 2.Nf3 d6 3.d4 cxd4 4.Qxd4 Nc6 5.Qd3 Nf6 6.Nc3 g6 7.Be2 Bg7 8.O-O 
O-O 9.Nd5 Nd7 10.c3 Nc5 11.Qc2 e6 12.Ne3 f5 13.exf5 gxf5 14.Rd1 Qe7 15.Nf1
Bd7 16.Ng3 Be8 17.Bg5 Qc7 18.b4 Nd7 19.Qd2 d5 20.Bf4 Qb6 21.Rac1 Bf7 22.
Bh6 Nf6 23.Qg5 Bg6 24.Nd4 Rae8 25.h4 Bxh6 26.Qxh6 f4 27.Nh5 Bxh5 28.Bxh5 
Re7 29.Bf3 Nxd4 30.Rxd4 e5 31.Rxd5 Rff7 32.Rc5 e4 33.Bh5 Nxh5 34.Rc8+ 1-0

[Event "26th EUR-ch"]
[Site "Katowice POL"]
[Date "2026.04.15"]
[Round "8.74"]
[White "Demchenko, Anton"]
[Black "Maltsevskaya, Aleksandra"]
[Result "0-1"]
[WhiteElo "2636"]
[BlackElo "2393"]
[EventDate "2026.04.07"]
[PlyCount "78"]

1.e4 c5 2.Nf3 d6 3.d4 cxd4 4.Nxd4 Nf6 5.Nc3 e5 6.Bb5+ Nbd7 7.Nde2 a6 8.Bc4
Nb6 9.Bb3 Be7 10.Bg5 Be6 11.O-O O-O 12.Qd3 Rc8 13.Rfd1 Nc4 14.Rab1 b5 15.
Bxf6 Bxf6 16.Nd5 Bg5 17.Ng3 g6 18.a4 Rc5 19.axb5 axb5 20.Nb4 Qa5 21.c3 Be7
22.Qe2 Qa7 23.Ra1 Qb7 24.h3 Ra8 25.Rxa8+ Qxa8 26.Nf1 Bg5 27.Qc2 Kg7 28.Nh2
Bf4 29.Nf3 Qc8 30.Nd3 Bxh3 31.Nxc5 Qg4 32.Ne1 Ne3 33.fxe3 Bxe3+ 34.Kh1 Qh5
35.Nf3 Bg4+ 36.Nh2 Bf4 37.g3 Bf3+ 38.Qg2 Bxg3 39.Kg1 Bxg2 0-1

[Event "26th EUR-ch"]
[Site "Katowice POL"]
[Date "2026.04.15"]
[Round "8.75"]
[White "Sargissian, Gabriel"]
[Black "Sherman, Raem"]
[Result "1/2-1/2"]
[WhiteElo "2618"]
[BlackElo "2391"]
[EventDate "2026.04.07"]
[PlyCount "62"]

1.d4 Nf6 2.c4 e6 3.Nc3 d5 4.cxd5 exd5 5.Bg5 Be7 6.e3 c6 7.Bd3 Nbd7 8.Nf3 
h6 9.Bf4 Nh5 10.Be5 Nxe5 11.Nxe5 Nf6 12.f4 h5 13.h3 h4 14.Qc2 c5 15.O-O 
O-O 16.Qf2 Nh5 17.Qf3 Nf6 18.dxc5 Bxc5 19.Rad1 Qb6 20.Kh1 Be6 21.f5 Qxb2 
22.fxe6 fxe6 23.Na4 Qxe5 24.Nxc5 b6 25.Nxe6 Qxe6 26.Bf5 Qe5 27.Qf4 Qxf4 
28.Be6+ Kh7 29.exf4 Nh5 30.Rfe1 Nxf4 31.Bxd5 Nxd5 1/2-1/2

[Event "26th EUR-ch"]
[Site "Katowice POL"]
[Date "2026.04.15"]
[Round "8.76"]
[White "Sieciechowicz, Marcin"]
[Black "Acs, Peter"]
[Result "1/2-1/2"]
[WhiteElo "2383"]
[BlackElo "2573"]
[EventDate "2026.04.07"]
[PlyCount "77"]

1.Nf3 Nf6 2.g3 g6 3.Bg2 Bg7 4.O-O O-O 5.c4 d6 6.Nc3 e5 7.d3 Nc6 8.Rb1 a5 
9.a3 Re8 10.b4 axb4 11.axb4 e4 12.dxe4 Nxe4 13.Nxe4 Rxe4 14.b5 Nd4 15.Bg5 
Qe8 16.Nxd4 Rxd4 17.Qb3 Bf5 18.Bxb7 Rb8 19.Bf3 Bxb1 20.Rxb1 Qe6 21.Rc1 c6 
22.Be3 cxb5 23.Bxd4 Bxd4 24.Qd3 Bb2 25.Rc2 bxc4 26.Rxc4 Qe7 27.Kg2 Be5 28.
Bd5 Kg7 29.Ra4 Rc8 30.Qe4 Qd7 31.Rc4 Rxc4 32.Qxc4 h5 33.h3 Bf6 34.e3 Bd8 
35.Qe4 Qe7 36.Qd3 Bb6 37.Bc4 Qb7+ 38.Bd5 Qe7 39.Bc4 1/2-1/2

[Event "26th EUR-ch"]
[Site "Katowice POL"]
[Date "2026.04.15"]
[Round "8.77"]
[White "Vogel, Roven"]
[Black "Vagman, Roy"]
[Result "0-1"]
[WhiteElo "2524"]
[BlackElo "2377"]
[EventDate "2026.04.07"]
[PlyCount "96"]

1.d4 Nf6 2.c4 e6 3.Nf3 d5 4.Nc3 Nbd7 5.cxd5 exd5 6.Bg5 c6 7.e3 h6 8.Bh4 
Be7 9.Bd3 Ne4 10.Bxe7 Qxe7 11.Qc2 Ndf6 12.O-O O-O 13.a4 Bf5 14.a5 a6 15.
Ne5 Bh7 16.Na4 Rad8 17.Qd1 Nd6 18.Bxa6 Ra8 19.Be2 Rxa5 20.b4 Ra7 21.Nc3 
Rfa8 22.Rxa7 Rxa7 23.b5 Nxb5 24.Nxb5 cxb5 25.Bxb5 Qb4 26.Bd3 Bxd3 27.Nxd3 
Qc3 28.Qb1 Ne4 29.Nf4 Qc4 30.Qb6 Ra2 31.Qd8+ Kh7 32.Qd7 Rxf2 33.Qf5+ Kg8 
34.Ra1 Ra2 35.Rf1 Nf6 36.Qb1 Ra3 37.Qxb7 Rxe3 38.Qa7 Re4 39.Nh5 Nxh5 40.
Qxf7+ Kh7 41.Qxh5 Qxd4+ 42.Kh1 Rf4 43.Re1 Qd3 44.Kg1 Qd4+ 45.Kh1 Qc3 46.
Qd1 d4 47.Qb1+ d3 48.Rc1 Rb4 0-1

[Event "26th EUR-ch"]
[Site "Katowice POL"]
[Date "2026.04.15"]
[Round "8.79"]
[White "Godart, Francois"]
[Black "Sahidi, Samir"]
[Result "1/2-1/2"]
[WhiteElo "2369"]
[BlackElo "2513"]
[EventDate "2026.04.07"]
[PlyCount "54"]

1.e4 e5 2.Nf3 Nc6 3.Bc4 Bc5 4.c3 Nf6 5.d4 exd4 6.e5 d5 7.Be2 Ne4 8.cxd4 
Bb6 9.Nc3 O-O 10.O-O Bg4 11.Be3 Nxc3 12.bxc3 f6 13.a4 Kh8 14.exf6 Qxf6 15.
Qb3 Qd6 16.Rae1 Na5 17.Qb4 Nc6 18.Qb3 Rae8 19.Bc1 Rxe2 20.Rxe2 Bxf3 21.
gxf3 Qg6+ 22.Kh1 Qd3 23.Qb2 Qxf3+ 24.Kg1 Qg4+ 25.Kh1 Qf3+ 26.Kg1 Qg4+ 27.
Kh1 Qf3+ 1/2-1/2

[Event "26th EUR-ch"]
[Site "Katowice POL"]
[Date "2026.04.15"]
[Round "8.80"]
[White "Luczak, Filip"]
[Black "Zanan, Evgeny"]
[Result "0-1"]
[WhiteElo "2362"]
[BlackElo "2497"]
[EventDate "2026.04.07"]
[PlyCount "102"]

1.g3 Nf6 2.Bg2 e5 3.d3 d5 4.Nf3 Nbd7 5.O-O Bc5 6.e4 dxe4 7.dxe4 O-O 8.Nbd2
c6 9.b3 a5 10.Bb2 Qc7 11.Ne1 Re8 12.Nd3 Ba7 13.a4 Nc5 14.Nc4 Bg4 15.Bf3 
Nxd3 16.Qxd3 Rad8 17.Qe2 Bxf3 18.Qxf3 Bd4 19.c3 Bc5 20.Bc1 Nd7 21.Be3 Bf8 
22.Kg2 b5 23.axb5 cxb5 24.Nxa5 Ra8 25.Rfd1 Nf6 26.b4 Qxc3 27.Bc5 Qc2 28.
Bxf8 Kxf8 29.Re1 Kg8 30.Re2 Qc7 31.Rd1 Rad8 32.Red2 h5 33.Qe3 Rxd2 34.Rxd2
Rc8 35.f3 Qe7 36.Rb2 h4 37.g4 Nh7 38.Qe2 Ng5 39.h3 Rc3 40.Rb3 Rxb3 41.Nxb3
Qxb4 42.Qd1 Ne6 43.Kf2 Qc3 44.Qd5 b4 45.Nd2 g6 46.Nc4 Nf4 47.Qd8+ Kg7 48.
Ne3 Nxh3+ 49.Ke2 Nf4+ 50.Kf2 Qb2+ 51.Kg1 Qd4 0-1

[Event "26th EUR-ch"]
[Site "Katowice POL"]
[Date "2026.04.15"]
[Round "8.81"]
[White "Lashkin, Jegor"]
[Black "Zielonka, Adam"]
[Result "1/2-1/2"]
[WhiteElo "2493"]
[BlackElo "2350"]
[EventDate "2026.04.07"]
[PlyCount "66"]

1.e4 e5 2.Nf3 Nc6 3.Bc4 Bc5 4.c3 Nf6 5.d3 O-O 6.O-O d5 7.exd5 Nxd5 8.Re1 
Bg4 9.Nbd2 Nb6 10.h3 Bh5 11.b4 Be7 12.Qe2 Nxc4 13.Nxc4 Bf6 14.b5 Nb4 15.
cxb4 e4 16.Bg5 exf3 17.Bxf6 fxe2 18.Bxd8 Rfxd8 19.f3 Bg6 20.Nb2 Bxd3 21.
Nxd3 Rxd3 22.Rac1 Rd1 23.Rcxd1 exd1=Q 24.Rxd1 Kf8 25.Rc1 Rc8 26.Kf2 Ke7 
27.Rc3 Kd6 28.Rd3+ Ke6 29.Ke3 Ra8 30.Rc3 Kd6 31.Rd3+ Ke6 32.Rc3 Kd6 33.
Rd3+ Ke5 1/2-1/2

[Event "26th EUR-ch"]
[Site "Katowice POL"]
[Date "2026.04.15"]
[Round "8.82"]
[White "Patrelakis, Evaggelos"]
[Black "Beydullayeva, Govhar"]
[Result "1-0"]
[WhiteElo "2490"]
[BlackElo "2358"]
[EventDate "2026.04.07"]
[PlyCount "95"]

1.e4 e5 2.Nf3 Nc6 3.Bb5 a6 4.Ba4 Nf6 5.O-O Be7 6.d3 b5 7.Bb3 d6 8.a3 O-O 
9.Nc3 Rb8 10.h3 h6 11.Be3 Re8 12.Re1 Bf8 13.Nd5 Nxd5 14.Bxd5 Bd7 15.b4 Qf6
16.c3 Ne7 17.Bb3 Ng6 18.d4 Rbd8 19.d5 c6 20.a4 cxd5 21.Bxd5 bxa4 22.Qe2 
Rc8 23.Ra3 Ne7 24.Bc4 a5 25.Ba6 Ra8 26.b5 d5 27.Bc5 dxe4 28.Qxe4 Ng6 29.
Bxf8 Kxf8 30.c4 Bf5 31.Qe3 Rad8 32.c5 e4 33.Nh2 Ne5 34.c6 Qe7 35.Rxa4 Rd3 
36.Qf4 Qc5 37.Nf1 Rf3 38.Qd2 Rxh3 39.Rc1 Qe7 40.Nh2 e3 41.fxe3 Qg5 42.Rf4 
Be4 43.Rxe4 Qg3 44.Qd6+ Kg8 45.Qxe5 Rxe5 46.Nf1 Qg5 47.Rxe5 Qxe5 48.c7 1-0

[Event "26th EUR-ch"]
[Site "Katowice POL"]
[Date "2026.04.15"]
[Round "8.83"]
[White "Ioannidis, Evgenios"]
[Black "Kaczmarek, Aleksander"]
[Result "1-0"]
[WhiteElo "2487"]
[BlackElo "2340"]
[EventDate "2026.04.07"]
[PlyCount "135"]

1.d4 e6 2.c4 d5 3.Nc3 Nf6 4.Nf3 Nbd7 5.cxd5 exd5 6.Bf4 c6 7.Qc2 Be7 8.h3 
O-O 9.e3 a6 10.Bd3 c5 11.dxc5 Nxc5 12.O-O Be6 13.Be5 Nxd3 14.Qxd3 Nd7 15.
Bf4 Nf6 16.Rfd1 Rc8 17.a3 b5 18.Nd4 Qd7 19.a4 b4 20.Nce2 a5 21.Ng3 g6 22.
Be5 Qb7 23.Nb3 Qa8 24.Bd4 Ne4 25.Ne2 Bf5 26.Qb5 Nd6 27.Qxa5 Bc2 28.Qxa8 
Rxa8 29.Nc5 Bxd1 30.Rxd1 Nf5 31.Nf4 Nxd4 32.exd4 Bxc5 33.dxc5 Rfc8 34.Rc1 
Ra5 35.c6 b3 36.Rc3 Kf8 37.h4 d4 38.Rc4 Ra6 39.c7 Rd6 40.Nd3 Rd7 41.Rb4 
Rdxc7 42.Rxb3 Rc4 43.Ra3 Ke7 44.Kf1 Kd6 45.Ke2 f6 46.Kd2 g5 47.hxg5 fxg5 
48.a5 Ra8 49.g4 h6 50.Ra1 Rac8 51.Rh1 Kd5 52.Rxh6 Rc2+ 53.Kd1 Ke4 54.Rh3 
R2c4 55.a6 R4c6 56.Kd2 Rc2+ 57.Kd1 R2c6 58.Nb4 Rf6 59.Ke2 Ra8 60.Ra3 Re6 
61.f3+ Ke5 62.Kd3 Rb6 63.Ra5+ Ke6 64.Nd5 Rc6 65.Kxd4 Rc2 66.a7 Rd2+ 67.Ke4
Kf7 68.Nc7 1-0

[Event "26th EUR-ch"]
[Site "Katowice POL"]
[Date "2026.04.15"]
[Round "8.84"]
[White "Dubnevych, Maksym"]
[Black "Licznerski, Lukasz"]
[Result "0-1"]
[WhiteElo "2341"]
[BlackElo "2486"]
[EventDate "2026.04.07"]
[PlyCount "84"]

1.e4 c5 2.Nf3 d6 3.d4 cxd4 4.Nxd4 Nf6 5.Nc3 a6 6.Rg1 Nc6 7.Nb3 g6 8.g4 Bg7
9.g5 Nd7 10.Be3 b5 11.Qd2 O-O 12.O-O-O Nb6 13.f4 Rb8 14.Nd5 Nc4 15.Bxc4 
bxc4 16.Nd4 Be6 17.Nf6+ Bxf6 18.gxf6 Nb4 19.Kb1 Qa5 20.a3 c3 21.Qxc3 Rfc8 
22.axb4 Qa2+ 23.Kc1 Rxc3 24.bxc3 Rc8 25.fxe7 Qa3+ 26.Kd2 Qxc3+ 27.Ke2 Re8 
28.Nxe6 Qc4+ 29.Kf2 Qxe6 30.e5 Qxe7 31.Rxd6 Qh4+ 32.Ke2 Qxh2+ 33.Kd3 Rc8 
34.c3 Qh3 35.Rc1 h5 36.Rxa6 h4 37.Re1 Qf3 38.Kc2 h3 39.e6 h2 40.exf7+ Kxf7
41.Bd4 Qg2+ 42.Kb3 h1=Q 0-1

[Event "26th EUR-ch"]
[Site "Katowice POL"]
[Date "2026.04.15"]
[Round "8.85"]
[White "Papakonstantinou, Dimitrios"]
[Black "Ahmad, Khagan"]
[Result "0-1"]
[WhiteElo "2338"]
[BlackElo "2483"]
[EventDate "2026.04.07"]
[PlyCount "59"]

1.d4 d5 2.c4 c6 3.Nf3 Nf6 4.Nc3 dxc4 5.a4 Bf5 6.Ne5 Nbd7 7.Nxc4 Nb6 8.Nxb6
axb6 9.g3 e5 10.dxe5 Qxd1+ 11.Nxd1 Ne4 12.Bd2 Nxd2 13.Kxd2 O-O-O+ 14.Kc3 
Bc5 15.e3 Rhe8 16.b4 Bf8 17.Nb2 Rxe5 18.Nc4 Ree8 19.Be2 g6 20.Rad1 Kc7 21.
Rxd8 Rxd8 22.Rd1 Ra8 23.Nb2 Bg7+ 24.Kb3 Bxb2 25.Kxb2 Rxa4 26.Kb3 b5 27.Rd4
Be6+ 28.Kc3 Ra2 29.Rd2 Ra3+ 30.Kd4 0-1

[Event "26th EUR-ch"]
[Site "Katowice POL"]
[Date "2026.04.15"]
[Round "8.86"]
[White "Saraci, Nderim"]
[Black "Unat, Can Haktan"]
[Result "1/2-1/2"]
[WhiteElo "2483"]
[BlackElo "2333"]
[EventDate "2026.04.07"]
[PlyCount "114"]

1.d4 Nf6 2.c4 e6 3.Nf3 d5 4.Nc3 Nbd7 5.Bg5 Be7 6.e3 h6 7.Bh4 O-O 8.Qc2 c5 
9.dxc5 Nxc5 10.cxd5 Nxd5 11.Nxd5 Bxh4 12.Qxc5 exd5 13.Nxh4 Qxh4 14.Be2 Be6
15.Qd4 Qxd4 16.exd4 Rfc8 17.Kd2 Rc6 18.Rhc1 Rb6 19.b3 Rb4 20.Kc3 a5 21.Rd1
Rb6 22.Rac1 Rc8+ 23.Kd2 Rbc6 24.Rxc6 Rxc6 25.Bd3 g6 26.Rb1 Kg7 27.b4 axb4 
28.Rxb4 b6 29.Bb5 Rd6 30.Ra4 Kf6 31.Ra6 h5 32.a4 Bc8 33.Ra7 h4 34.Rc7 Be6 
35.Ke3 Bf5 36.Kd2 g5 37.g3 h3 38.Be8 Be6 39.f3 g4 40.fxg4 Rd8 41.Bb5 Rg8 
42.g5+ Rxg5 43.Be2 Rg8 44.Rb7 Ra8 45.Bb5 Rg8 46.Be2 Ra8 47.Bd1 Ra6 48.Kc3 
Kf5 49.Kb4 Ke4 50.Kb5 Ra8 51.Kxb6 Kxd4 52.a5 Ke3 53.a6 Rxa6+ 54.Kxa6 Bc8 
55.Bg4 Bxb7+ 56.Kxb7 Kf2 57.Bxh3 Kg1 1/2-1/2

[Event "26th EUR-ch"]
[Site "Katowice POL"]
[Date "2026.04.15"]
[Round "8.87"]
[White "Dotzer, Lukas"]
[Black "Brzezina, Piotr"]
[Result "1/2-1/2"]
[WhiteElo "2469"]
[BlackElo "2327"]
[EventDate "2026.04.07"]
[PlyCount "54"]

1.e4 e5 2.Nf3 Nc6 3.Bb5 a6 4.Ba4 Nf6 5.O-O Nxe4 6.d4 b5 7.Bb3 d5 8.dxe5 
Be6 9.c3 Bc5 10.Nbd2 O-O 11.Bc2 Nxf2 12.Rxf2 f6 13.Nf1 Bxf2+ 14.Kxf2 fxe5 
15.Kg1 Qd7 16.Bg5 Rae8 17.Qd2 Kh8 18.Re1 e4 19.Nd4 Ne5 20.b4 a5 21.Ne3 c6 
22.a3 a4 23.Bh4 Qd6 24.Nxe6 Qxe6 25.Bg3 Qg6 26.Qd4 Qg5 27.Qc5 h6 1/2-1/2

[Event "26th EUR-ch"]
[Site "Katowice POL"]
[Date "2026.04.15"]
[Round "8.88"]
[White "Krawczyk, Flawian"]
[Black "Culum, Sanjin"]
[Result "1/2-1/2"]
[WhiteElo "2329"]
[BlackElo "2460"]
[EventDate "2026.04.07"]
[PlyCount "83"]

1.d4 Nf6 2.c4 e6 3.Nc3 Bb4 4.e3 O-O 5.Bd2 d5 6.Nf3 b6 7.cxd5 exd5 8.Rc1 a6
9.Bd3 Bb7 10.Ne2 Bd6 11.Ne5 c5 12.O-O Nc6 13.f4 Ne7 14.Ng3 Ne4 15.dxc5 
Bxc5 16.b4 Bd6 17.Be1 Nxg3 18.hxg3 Ng6 19.Nf3 Qe7 20.Nd4 Rfc8 21.Nf5 Qe6 
22.Kf2 d4 23.Rxc8+ Rxc8 24.Nxd4 Qxa2+ 25.Qe2 Qxe2+ 26.Bxe2 Ne7 27.Bd2 Nc6 
28.Nxc6 Rxc6 29.Bd3 Be7 30.Ra1 Rd6 31.Ke2 Bxg2 32.Bxa6 h5 33.Bc4 Rd7 34.
Ra6 Rc7 35.Bd3 Rb7 36.Ra8+ Bf8 37.b5 Rc7 38.Rb8 Rb7 39.Rd8 Ra7 40.Bb4 Ra8 
41.Rxa8 Bxa8 42.Bh7+ 1/2-1/2

[Event "26th EUR-ch"]
[Site "Katowice POL"]
[Date "2026.04.15"]
[Round "8.89"]
[White "Hercegovac, Neven"]
[Black "Druska, Juraj"]
[Result "1/2-1/2"]
[WhiteElo "2325"]
[BlackElo "2458"]
[EventDate "2026.04.07"]
[PlyCount "84"]

1.e4 c5 2.Nc3 d6 3.Bb5+ Bd7 4.Bxd7+ Qxd7 5.d4 cxd4 6.Qxd4 Nc6 7.Qd3 g6 8.
Nf3 Bg7 9.O-O Nf6 10.Nd5 O-O 11.Bg5 Nxd5 12.exd5 Ne5 13.Nxe5 Bxe5 14.Rae1 
Rfe8 15.c3 Bf6 16.Bxf6 exf6 17.c4 Kg7 18.b3 a6 19.Qd4 b5 20.Rxe8 Rxe8 21.
Qb6 bxc4 22.bxc4 Qc8 23.Qxd6 Qxc4 24.Qc6 Qxc6 25.dxc6 Rc8 26.Rc1 Rc7 27.h4
h5 28.Kh2 Kf8 29.f3 f5 30.Kg3 Ke7 31.Kf4 f6 32.g4 fxg4 33.fxg4 hxg4 34.
Kxg4 Ke6 35.h5 gxh5+ 36.Kxh5 Kf5 37.Rc5+ Ke6 38.Kg4 Kd6 39.Rc2 Ke5 40.Kf3 
f5 41.Rc5+ Kd6 42.Rc2 Rxc6 1/2-1/2

[Event "26th EUR-ch"]
[Site "Katowice POL"]
[Date "2026.04.15"]
[Round "8.90"]
[White "Baerwinkel, Tobias"]
[Black "Tudor, Henry Edward"]
[Result "0-1"]
[WhiteElo "2323"]
[BlackElo "2457"]
[EventDate "2026.04.07"]
[PlyCount "111"]

1.d4 Nf6 2.c4 e6 3.g3 d5 4.Bg2 Be7 5.Nf3 O-O 6.O-O dxc4 7.Qc2 b5 8.a4 b4 
9.Nfd2 Nd5 10.Nxc4 c5 11.dxc5 Bxc5 12.e4 Nb6 13.Rd1 N8d7 14.Nxb6 axb6 15.
Nd2 Ba6 16.Nb3 Be7 17.Be3 Rc8 18.Qd2 Ne5 19.Qxd8 Bxd8 20.Bd4 Nc4 21.e5 f6 
22.f4 fxe5 23.fxe5 Bg5 24.Bh3 Rfe8 25.a5 bxa5 26.Nc5 Be3+ 27.Bxe3 Nxe3 28.
Nxa6 Nxd1 29.Rxd1 Kf7 30.Rd6 Rc2 31.b3 a4 32.Nxb4 Rc1+ 33.Kf2 axb3 34.Nd3 
b2 35.Nxb2 Rc2+ 36.Kf3 Rxb2 37.Bg2 Ke7 38.Bh3 Kf7 39.Bg2 Re7 40.h4 Rc7 41.
Bf1 Rc5 42.Rd7+ Kf8 43.Bd3 Rd5 44.Rxd5 exd5 45.Bxh7 Rb3+ 46.Kf4 d4 47.h5 
Kf7 48.g4 Rh3 49.g5 d3 50.e6+ Ke7 51.h6 gxh6 52.gxh6 d2 53.Bc2 Kxe6 54.Ke4
Kf6 55.Kd4 Rh1 56.Kd3 0-1

[Event "26th EUR-ch"]
[Site "Katowice POL"]
[Date "2026.04.15"]
[Round "8.91"]
[White "Qalichava, Akaki"]
[Black "Tutisani, Noe"]
[Result "1-0"]
[WhiteElo "2322"]
[BlackElo "2454"]
[EventDate "2026.04.07"]
[PlyCount "85"]

1.e4 e5 2.Nf3 Nc6 3.Bb5 a6 4.Ba4 Nf6 5.O-O b5 6.Bb3 Bc5 7.c3 d6 8.d4 Bb6 
9.Be3 O-O 10.Nbd2 Rb8 11.a4 Bg4 12.h3 Bh5 13.Qc2 Bg6 14.axb5 axb5 15.dxe5 
Bxe3 16.exf6 Bh6 17.Ra6 Ne5 18.Nxe5 dxe5 19.fxg7 Bxg7 20.Bd5 Kh8 21.Rfa1 
Bh6 22.Nf3 Bg7 23.Qc1 f5 24.Qe3 b4 25.exf5 bxc3 26.bxc3 Bxf5 27.Be4 Bxe4 
28.Qxe4 Rf4 29.Qe3 Rf5 30.R6a5 Qg8 31.Rc5 Rbf8 32.Kh1 Qf7 33.Ng5 Qg6 34.
Ne4 Rf4 35.f3 Qh5 36.Nf2 c6 37.Rca5 Qg6 38.Ra8 Qe6 39.Nd3 Rf7 40.f4 e4 41.
Rxf8+ Rxf8 42.Ra4 Bxc3 43.Nc5 1-0

[Event "26th EUR-ch"]
[Site "Katowice POL"]
[Date "2026.04.15"]
[Round "8.92"]
[White "Kejna, Piotr"]
[Black "Kolosowski, Mateusz"]
[Result "1/2-1/2"]
[WhiteElo "2311"]
[BlackElo "2444"]
[EventDate "2026.04.07"]
[PlyCount "108"]

1.c4 e5 2.Nc3 Nf6 3.Nf3 Nc6 4.d3 g6 5.g3 Bg7 6.Bg2 d6 7.O-O O-O 8.Rb1 a5 
9.a3 h6 10.b4 axb4 11.axb4 Be6 12.b5 Ne7 13.Bb2 Qc8 14.Ra1 Rxa1 15.Qxa1 
Nd7 16.Nd2 Nc5 17.Na4 Nxa4 18.Qxa4 Bh3 19.Bxh3 Qxh3 20.Qa7 Qc8 21.c5 d5 
22.Nb3 c6 23.b6 Rd8 24.Ra1 h5 25.Qa4 d4 26.Qc4 h4 27.Ra7 hxg3 28.hxg3 Nd5 
29.Qc1 Qg4 30.Qe1 Nf4 31.f3 Nh3+ 32.Kf1 Qe6 33.Nd2 Bh6 34.Ne4 Ng5 35.Nf2 
Rd7 36.Bc1 f5 37.Bxg5 Bxg5 38.Qa1 Kg7 39.Ra8 Rd8 40.Qa7 Qf7 41.Rb8 Rxb8 
42.Qxb8 Qe7 43.f4 exf4 44.gxf4 Bf6 45.Nh3 Kh6 46.Ng5 Kh5 47.Nf3 Kg4 48.
Ne5+ Kg3 49.Qd6 Qh7 50.Ke1 Qh1+ 51.Kd2 Qa1 52.Nc4 Qc3+ 53.Kd1 Qb3+ 54.Kd2 
Qc3+ 1/2-1/2

[Event "26th EUR-ch"]
[Site "Katowice POL"]
[Date "2026.04.15"]
[Round "8.93"]
[White "Tsaknakis, Zisis"]
[Black "Isik, Alparslan"]
[Result "0-1"]
[WhiteElo "2306"]
[BlackElo "2435"]
[EventDate "2026.04.07"]
[PlyCount "72"]

1.e4 c5 2.Nf3 d6 3.d4 cxd4 4.Nxd4 Nf6 5.Nc3 Nc6 6.Bg5 Bd7 7.Nxc6 bxc6 8.
Bc4 h6 9.Bxf6 exf6 10.Qh5 g6 11.Qe2 h5 12.Qd3 Be7 13.O-O-O O-O 14.Kb1 Qa5 
15.Bb3 Kg7 16.Rhe1 Rad8 17.Qf1 Qc5 18.f4 Rfe8 19.f5 gxf5 20.Rd3 Qe5 21.
exf5 Qxf5 22.Rf3 Qh7 23.Rfe3 Bf8 24.Ne4 Qg6 25.Nxf6 Qxf6 26.Rf3 Rxe1+ 27.
Qxe1 Qe5 28.Re3 Qxh2 29.Bxf7 Kxf7 30.Qf2+ Kg8 31.a3 Re8 32.Rg3+ Bg4 33.Ka2
Qh4 34.Qf5 Qxg3 35.Qg6+ Kh8 36.Qxe8 Qf4 0-1

[Event "26th EUR-ch"]
[Site "Katowice POL"]
[Date "2026.04.15"]
[Round "8.94"]
[White "Bendayan Claros, Aaron"]
[Black "Akhvlediani, Irakli"]
[Result "1-0"]
[WhiteElo "2296"]
[BlackElo "2429"]
[EventDate "2026.04.07"]
[PlyCount "93"]

1.d4 Nf6 2.Bg5 Nc6 3.Nf3 Ne4 4.Bf4 d5 5.e3 f6 6.h4 Bg4 7.Be2 Qd7 8.Nbd2 
Nxd2 9.Qxd2 e6 10.a3 Bd6 11.Bxd6 Qxd6 12.c4 dxc4 13.Bxc4 a6 14.Rc1 Rd8 15.
Qc3 Ne7 16.Be2 c6 17.Qb3 Rb8 18.Nd2 Bxe2 19.Kxe2 O-O 20.Ne4 Qd5 21.Qxd5 
exd5 22.Nc5 Rfe8 23.b4 Nf5 24.Kd3 Nd6 25.a4 Re7 26.Rhe1 Ra8 27.a5 Rae8 28.
Re2 f5 29.f3 Kf7 30.Rg1 f4 31.e4 h6 32.g3 fxg3 33.Rxg3 g6 34.Rg4 Rg8 35.
Reg2 dxe4+ 36.fxe4 Nb5 37.e5 h5 38.Rf4+ Kg7 39.Rf6 Kh7 40.Ne6 Ree8 41.Rf7+
Kh6 42.Ng5 Rg7 43.Rgf2 Reg8 44.Ne6 Rxf7 45.Rxf7 g5 46.hxg5+ Kg6 47.Rf6+ 
1-0

[Event "26th EUR-ch"]
[Site "Katowice POL"]
[Date "2026.04.15"]
[Round "8.95"]
[White "Johansson, Linus"]
[Black "Schippke, Manon"]
[Result "1/2-1/2"]
[WhiteElo "2425"]
[BlackElo "2269"]
[EventDate "2026.04.07"]
[PlyCount "49"]

1.Nf3 Nf6 2.c4 g6 3.g3 Bg7 4.Bg2 O-O 5.O-O d6 6.Nc3 Re8 7.Rb1 a5 8.a3 e5 
9.d3 h6 10.e4 c6 11.Re1 Na6 12.h3 Nc7 13.Bd2 b5 14.b4 axb4 15.axb4 Be6 16.
cxb5 Nxb5 17.Qc1 Kh7 18.Ra1 Qd7 19.Kh2 Rxa1 20.Qxa1 Qb7 21.Nxb5 Qxb5 22.
Bf1 Nd7 23.Rc1 Qb7 24.Qc3 c5 25.bxc5 1/2-1/2

[Event "26th EUR-ch"]
[Site "Katowice POL"]
[Date "2026.04.15"]
[Round "8.96"]
[White "Risteski, Emil"]
[Black "Antolak, Julia"]
[Result "1-0"]
[WhiteElo "2416"]
[BlackElo "2223"]
[EventDate "2026.04.07"]
[PlyCount "151"]

1.Nf3 d5 2.e3 Nf6 3.c4 e6 4.Nc3 Bd6 5.b3 O-O 6.Bb2 c5 7.cxd5 exd5 8.d4 
cxd4 9.Nxd4 Nc6 10.Be2 Re8 11.O-O Nxd4 12.Qxd4 Be5 13.Qd3 Be6 14.Na4 Bxb2 
15.Nxb2 Rc8 16.Na4 Ne4 17.Qd4 Qa5 18.Bd3 Bd7 19.Rfd1 Bxa4 20.Qxa4 Qxa4 21.
bxa4 Nc3 22.Rd2 Rc5 23.Bc2 Rec8 24.Bb3 Kf8 25.Kf1 Ke7 26.Rd4 g6 27.g4 g5 
28.Kg2 Kd6 29.h4 h6 30.hxg5 hxg5 31.Rh1 Ke7 32.Rh7 b6 33.Rh5 Rg8 34.Rh6 
Rgc8 35.Kf3 Rf8 36.Kg2 Rfc8 37.Rh3 R8c6 38.Rh8 Rc8 39.Rh7 R8c6 40.Rh8 Rc8 
41.Rh5 Rg8 42.Rh3 Rd8 43.Rf3 Ne2 44.Rd2 Nc1 45.Bd1 Rc3 46.Rf5 f6 47.Bf3 
Nd3 48.Bxd5 Ne5 49.Rd4 Rc1 50.a5 bxa5 51.Bb3 Rh8 52.Re4 Rch1 53.Rexe5+ 
fxe5 54.Rxe5+ Kd6 55.Rxg5 R8h2+ 56.Kf3 Rf1 57.Rd5+ Ke7 58.Rd2 Rg1 59.Rd5 
Rf1 60.Rxa5 Rhxf2+ 61.Ke4 Rg1 62.Rxa7+ Kd6 63.Ra6+ Kc5 64.Be6 Rg3 65.Ra3 
Kd6 66.Bf5 Rgg2 67.Ra6+ Kc5 68.Ke5 Rb2 69.e4 Rb8 70.Kf6 Rf8+ 71.Ke7 Rg8 
72.e5 Rg7+ 73.Kf6 Rg8 74.e6 Rf2 75.e7 Re2 76.Re6 1-0

[Event "26th EUR-ch"]
[Site "Katowice POL"]
[Date "2026.04.15"]
[Round "8.97"]
[White "Rekuc, Patryk"]
[Black "Stefansson, Hannes Hlifar"]
[Result "0-1"]
[WhiteElo "2280"]
[BlackElo "2414"]
[EventDate "2026.04.07"]
[PlyCount "86"]

1.e4 c5 2.Nf3 e6 3.d4 cxd4 4.Nxd4 a6 5.Bd3 Bc5 6.Nb3 Ba7 7.O-O Ne7 8.Qe2 
Nbc6 9.Be3 O-O 10.Nc3 b5 11.Bxa7 Rxa7 12.Qe3 d6 13.Rad1 Rd7 14.Rd2 Ne5 15.
Be2 Qc7 16.f4 Nc4 17.Bxc4 bxc4 18.Nd4 Bb7 19.Kh1 Ba8 20.Qg3 d5 21.e5 Rb8 
22.Nd1 c3 23.bxc3 Bc6 24.Nf2 Bb5 25.Re1 Rc8 26.Re3 Qa5 27.Ng4 Kh8 28.Rf2 
Rdc7 29.Rff3 Nf5 30.Nxf5 exf5 31.Nf2 Qxa2 32.h4 d4 33.cxd4 Rxc2 34.Nd3 Rd2
35.e6 fxe6 36.Nc5 Bc4 37.Qg5 Rxd4 38.Qe7 Rd2 39.Rg3 Qa1+ 40.Kh2 Rd1 41.
Rgf3 Rh1+ 42.Kg3 Qg1 43.Rc3 Qe1+ 0-1

[Event "26th EUR-ch"]
[Site "Katowice POL"]
[Date "2026.04.15"]
[Round "8.98"]
[White "Vardanyan, Aras"]
[Black "Dubinski, Mateusz"]
[Result "1-0"]
[WhiteElo "2408"]
[BlackElo "2222"]
[EventDate "2026.04.07"]
[PlyCount "75"]

1.d4 Nf6 2.c4 e6 3.Nf3 d5 4.g3 dxc4 5.Bg2 a6 6.Ne5 Bb4+ 7.Nc3 Nd5 8.O-O 
Nxc3 9.bxc3 Bxc3 10.Rb1 Qxd4 11.Qa4+ b5 12.Qa3 Qxe5 13.Bf4 Qf6 14.Bxc7 Be5
15.Bxe5 Qxe5 16.Bxa8 Qc7 17.Rfd1 Nd7 18.Rd6 O-O 19.Rbd1 Nb6 20.Be4 Qe7 21.
Qe3 Na4 22.Bc2 Nb2 23.R1d2 c3 24.R2d4 Nc4 25.Qd3 g6 26.Rd8 Kg7 27.Rxf8 
Qxf8 28.Rd8 Qc5 29.Qxc3+ e5 30.Bb3 Be6 31.Qd3 a5 32.Re8 Qc7 33.a3 a4 34.
Bxc4 Bxc4 35.Qc3 Kf6 36.f4 Qc5+ 37.e3 Qd5 38.Qxe5+ 1-0